000 00807cam a2200277 i 4500
001 398980
003 ARRUPE
005 20170216094742.0
008 790910s1978 enk 000 0 eng
010 _a 79312808
015 _aGB79-07776
020 _a0901269379 :
_c£0.65
040 _aDLC
_cDLC
_dDLC
043 _af-rh---
050 0 0 _aDT962.42
_b.E38
082 0 0 _a301.45/1/096891
100 1 _aElliott, Hugh P.
_928859
245 1 0 _aDarkness and dawn in Zimbabwe /
_c[by] Hugh P. Elliott.
260 _aLondon :
_bGrosvenor Books,
_c1978.
300 _a[6], 49 p. ;
_c21 cm.
650 0 _aNationalism
_zZimbabwe.
_9366
650 0 _aMoral re-armament.
_928860
651 0 _aZimbabwe
_xRace relations.
_98885
906 _a7
_bcbc
_corignew
_d4
_encip
_f19
_gy-gencatlg
942 _2lcc
_cMONOGRAPH
999 _c126132
_d126132